000 00336nam a2200133Ia 4500
008 191201s2003 xx 000 0 und d
100 _aBHASIN, S K
245 0 _aLaboratory Manual on Engineering Chemistry
250 _a2nd
260 _c2003
_bDhanpat Rai Pub (P) Ltd
_aN.Delhi
300 _a332
650 _aAPPLIED
942 _2ddc
_cBB
999 _c7180
_d7180